Que s'est-il passé en l'an 2000 ? (Quiz par images) - Statistiques

Statistiques générales
  • Ce quiz a été pris 141 fois
  • Le résultat moyen est 11 sur 16
Statistiques - réponses
Par images Hint Réponse % Correct
7 mai 2000 1ère investiture de
{Vladimir} {Poutine} en tant que Président de la Russie
98%
14 août 2000 Diffusion du 1er épisode de {Dora} {l'Exploratrice}
96%
Du 15 septembre au
1er octobre 2000
Jeux Olympiques d'Été de {Sydney} (Australie)
95%
20 juin 2000 Sortie, en France, du film {Gladiator} au cinéma
95%
2 juillet 2000 Victoire de {la} {France} à l'Euro
95%
9 janvier 2000 Diffusion du 1er épisode de la série {Malcolm}
91%
4 février 2000 Sortie du 1er opus du jeu vidéo {Les} {Sims}
90%
4 mars 2000 Sortie de la {Play} {Station} {2} au Japon
86%
25 juillet 2000 Accident du
{Concorde}
82%
12 octobre 2000 Sortie du
{Nokia} {3310}
68%
19 février 2000 {Daniel} {Auteuil} reçoit le César du Meilleur Acteur pour La Fille sur le Pont
59%
20 avril 2000 Naissance du nageur handisport {Théo} {Curin}
42%
11 décembre 1999 {Sonia} {Rolland}, élue Miss France 2000
40%
13 novembre 2000 Sortie du titre {One} {More} {Time} des Daft Punk
31%
1er janvier 2000 P{assage} i{nformatique}
à l'an 2000
23%
Du 7 au 10 décembre 2000 Sommet de {Nice} (l'un des + longs de l'histoire de l'UE)
4%
Aucun quiz correspondant
Distribution des résultats
% des personnes avec chaque résultat
Percentile par nombre de réponses
Votre historique - résultats
Vous n’avez pas pris ce quiz